|
|
|
|
| LEADER |
00000nab a2200000 a 4500 |
| 001 |
vtls000814048 |
| 003 |
SK-MaSNL |
| 005 |
20260426083240.0 |
| 008 |
250429c2001 xo 0 slo |
| 015 |
|
|
|a SNBRB2002/11-37536
|
| 035 |
|
|
|a CLN000165703
|
| 035 |
|
|
|a urn:nbn:sk:snk-abbvx6
|
| 035 |
|
|
|a (urnnbn)urn:nbn:sk:snk:ar-000upm
|
| 035 |
|
|
|a (uuid)aaaac4a4-a727-4c7c-80da-9820ee2d667b
|
| 040 |
|
|
|a SNKBUCL
|b slo
|c SNKBUCL
|e AACR2
|
| 041 |
0 |
|
|a eng
|
| 044 |
|
|
|a xo
|c SK
|
| 080 |
|
|
|a 599(437.6):591.55
|2 1997
|
| 080 |
|
|
|a 591.55(437.6)
|2 1997
|
| 100 |
1 |
|
|a Krištofík, Ján,
|d 1950-
|4 aut
|9 27954
|
| 245 |
1 |
0 |
|a Small mammal communities in reed stands
|c Ján Krištofík
|
| 300 |
|
|
|b Tab.
|
| 504 |
|
|
|a Res. angl.
|
| 504 |
|
|
|a Bibliogr. odkazy
|
| 650 |
0 |
7 |
|a hlodavce
|2 SNKPH
|9 16267
|
| 650 |
0 |
7 |
|a hmyzožravce
|2 SNKPH
|9 19071
|
| 650 |
0 |
7 |
|a ekológia
|2 SNKPH
|9 785
|
| 650 |
0 |
7 |
|a genetika
|2 SNKPH
|9 698
|
| 650 |
0 |
7 |
|a rozmnožovanie živočíchov
|2 SNKPH
|9 73777
|
| 650 |
0 |
7 |
|a parazitológia
|2 SNKPH
|9 19985
|
| 651 |
|
7 |
|a Slovensko
|2 SNKPHgeo
|9 14231
|
| 655 |
|
7 |
|a články z novín a časopisov
|2 SNK
|9 267496
|
| 773 |
0 |
|
|t Biologia
|g Roč. 56, č. 5 (2001), s. 557-563
|x 0006-3088
|
| 850 |
|
|
|a Slovenská národná knižnica
|
| 852 |
|
|
|a Slovenská národná knižnica
|
| 954 |
|
|
|a odborná, vedecká literatúra pôvodná (slovenská)
|2 lita
|
| 958 |
|
|
|a article15
|
| 958 |
|
|
|a NB
|
| 958 |
|
|
|a MI
|
| 958 |
|
|
|a SK
|
| 958 |
|
|
|a OND
|
| 958 |
|
|
|a EUIPO
|
| 992 |
|
|
|a RBX
|
| 999 |
|
|
|c 2899863
|d 2901793
|